Synthesis and Characterization of ZnO Nanoparticles for Potential Application in Photocatalysis / (Record no. 525307)
[ view plain ]
| 000 -LEADER | |
|---|---|
| fixed length control field | 00542nam a22001697a 4500 |
| 003 - CONTROL NUMBER IDENTIFIER | |
| control field | NUST |
| 005 - DATE AND TIME OF LATEST TRANSACTION | |
| control field | 20190630103747.0 |
| 008 - FIXED-LENGTH DATA ELEMENTS--GENERAL INFORMATION | |
| fixed length control field | 190630b ||||| |||| 00| 0 eng d |
| 038 ## - RECORD CONTENT LICENSOR | |
| Staff Name | Attaullah |
| 082 ## - DEWEY DECIMAL CLASSIFICATION NUMBER | |
| Classification number | 620 |
| 100 ## - MAIN ENTRY--PERSONAL NAME | |
| Personal name | Aziz, Aqsa |
| 9 (RLIN) | 16042 |
| 245 ## - TITLE STATEMENT | |
| Title | Synthesis and Characterization of ZnO Nanoparticles for Potential Application in Photocatalysis / |
| Remainder of title | Aqsa Aziz. |
| 260 ## - PUBLICATION, DISTRIBUTION, ETC. | |
| Place of publication, distribution, etc. | Islamabad : |
| Name of publisher, distributor, etc. | SCME - NUST, |
| Date of publication, distribution, etc. | 2018. |
| 300 ## - PHYSICAL DESCRIPTION | |
| Extent | xi ,75 p. : ill. ; 30cm. |
| 600 ## - SUBJECT ADDED ENTRY--PERSONAL NAME | |
| Personal name | Nanoscience and Engineering - MS Thesis. |
| 9 (RLIN) | 16043 |
| 942 ## - ADDED ENTRY ELEMENTS (KOHA) | |
| Source of classification or shelving scheme | |
| Koha item type | Thesis |
| Withdrawn status | Lost status | Source of classification or shelving scheme | Damaged status | Not for loan | Permanent Location | Current Location | Shelving location | Date acquired | Total Checkouts | Full call number | Barcode | Date last seen | Price effective from | Koha item type |
|---|---|---|---|---|---|---|---|---|---|---|---|---|---|---|
| Central Library (CL) | Central Library (CL) | Thesis | 06/30/2019 | 620 | CL-T-1897 | 06/30/2019 | 06/30/2019 | Thesis |
